Entry Nombre personal
001 - NÚMERO DE CONTROL
- campo de control: 22236
003 - IDENTIFICADOR DE NÚMERO DE CONTROL
- campo de control: OSt
005 - FECHA Y HORA DE LA ÚLTIMA TRANSACCIÓN
- campo de control: 20250913171946.0
008 - ELEMENTOS DE DATO DE LONGITUD-FIJA
- campo de control de longitud fija: 071005 n acnnnaaan n bnn d
040 ## - FUENTE DE CATALOGACIÓN
- Centro catalogador/agencia de origen: OSt
- Centro/agencia transcriptor: OSt
100 1# - ENCABEZAMIENTO-NOMBRE DE PERSONA
- Nombre de persona: Aramon i Serra, R.,
- Fechas asociadas al nombre: 1907-2000
400 1# - TRAZADO DE VÉASE--NOMBRE DE PERSONA
- Nombre de persona: Aramon, Ramon (
- Fechas asociadas al nombre: 1907-2000)
400 1# - TRAZADO DE VÉASE--NOMBRE DE PERSONA
- Nombre de persona: Aramon i Serra, Ramon (
- Fechas asociadas al nombre: 1907-2000)
400 1# - TRAZADO DE VÉASE--NOMBRE DE PERSONA
- Nombre de persona: Aramón Serra, Ramón (
- Fechas asociadas al nombre: 1907-2000)
